| 000 | 01169nam a2200277Ia 4500 | ||
|---|---|---|---|
| 003 | OSt | ||
| 005 | 20221005104045.0 | ||
| 006 | a|||||r|||| 00| 0 | ||
| 007 | ta | ||
| 008 | 221004b |||||||| |||| 00| 0 san d | ||
| 020 |
_a9788189469535 (hbk) _c800 |
||
| 024 | _a13448 | ||
| 037 |
_b693/1, 28/02/2014, Vidyanidhi Prakashan _cTextual |
||
| 040 |
_aCRL _cCRL _bsan |
||
| 041 |
_2san _asan |
||
| 082 | _aQ22:23, 152Q3 | ||
| 100 | _aद्विवेदी, श्यामाकान्त, अनु. | ||
| 245 | 0 |
_aवैष्णव तन्त्र _b सिद्धान्त और साधना |
|
| 246 | _aVaiṣhṇav tantra: siddhānta aur sādhanā | ||
| 260 |
_aदिल्ली _bचौखम्भा ओरियन्टालिया भारत _c2013 |
||
| 300 |
_a521पृ0 _ccm. |
||
| 490 | _aचौखम्भा प्राच्यविद्या ग्रन्थमाला; 31 | ||
| 650 | _aधर्म | ||
| 942 |
_hQ22:23, 152Q3 _cTEXL _2cc |
||
| 999 |
_c1011616 _d1011616 |
||